Ako sa priadlo za našich starých materí historické pradiarstvo a pradiarske odborné názvoslovie na dolných Kysuciach

Bibliographic Details
Main Author: Gašinec, Eduard, 1923- (Author)
Format: Article
Language:Slovak
PhysicalDescription:Obr.
Subjects:

MARC

LEADER 00000nab a2200000 a 4500
001 vtls000698231
003 SK-MaSNL
005 20260302181135.0
008 161006c1999 xo 0 slo
015 |a SNBRB1999/06-16098 
035 |a CLN000050398 
040 |a SNKBUCL  |b slo  |c SNKBUCL  |e AACR2 
041 0 |a slo 
044 |a xo  |c SK 
080 |a 677.022.3/.5(437.6)(091)  |2 1997 
080 |a 746  |2 1997 
100 1 |a Gašinec, Eduard,  |d 1923-  |4 aut  |9 49056 
245 1 0 |a Ako sa priadlo za našich starých materí  |b historické pradiarstvo a pradiarske odborné názvoslovie na dolných Kysuciach  |c Eduard Gašinec 
300 |b Obr. 
504 |a Bibliogr. odkazy 
650 0 7 |a pradiarstvo  |2 snkbucl  |9 104121 
655 7 |a články z novín a časopisov  |2 snkbucl  |9 267496 
773 0 |t Národná osveta  |g Roč. 9, č. 9 (1999), s. 17-21 
850 |a Slovenská národná knižnica v Martine 
852 |a SNK  |b KIS3GCP 
958 |a SK 
958 |a NB 
958 |a RBX 
999 |c 1413039  |d 1414969